000 00867nam a2200217 i 4500
001 128847
003 ES-MaACL
005 20231205205046.0
007 t|
008 070529s1966 sp ||||1| spa d
080 _a86-22.09"19"(04)
245 0 3 _aEl teatro de humor en España /
_cpor J. Rof Carballo, N. González Ruiz, A. Prego.. [et al.].
260 _aMadrid :
_bEd. Nacional,
_c1966.
300 _a286 p., 3 h. ;
_c25 cm.
500 _aLos textos corresponden a conferencias leídas en el Ateneo de Madrid dentro del ciclo "Teatro español contemporáneo de humor" de febrero a junio de 1964.
610 2 4 _aAteneo de Madrid-
_vConferencias-
_y1940-1982.
_91908
650 4 _aComedia española-
_yS.XX-
_xHistoria y crítica.
_9161891
700 1 _aRof Carballo, Juan,
_d1905-1994
_998915
852 _aES-MaACL
_jG-5105
_bR.60327
999 _c128847
_d128847